00513nam a2200169 a 4500001001000000003000900010005001700019008003800036020001500074040002500089082001700114100002800131245004800159260003900207300002700246500007000273000035945DO-SdBNP20210916104602.0111121s 2003 ve a 000 0 spa d a9801203773 aDO-SdBNPbspacBNPHU 4aBNPHUbP852a1 aPortillo, Julio,d1944-10aAldabas de Santo Domingo /cJulio Portillo. aCaracas, Venezuela :bArte,c2003. a69 p. :bil. ;c23 cm. aIncluye datos biográficos del autor en la solapa de la cubierta